Which Commonwealth Nation? - Statistics

General Stats
  • This quiz has been taken 563 times
  • The average score is 7 of 15
Answer Stats
Question Answer % Correct
Does NOT have the dollar as its currency United Kingdom
100%
Has right-hand traffic Canada
79%
Contains the highest point Canada
71%
Celebrates independence day on July 1st Canada
67%
Has no territorial claims over Antarctica Canada
63%
Home to one of the oldest continuous cultures/civilizations in human history Australia
50%
Home to the world's steepest street New Zealand
50%
Has a GDP (PPP) per capita < $60,000 USD New Zealand
46%
Has the smallest land area United Kingdom
46%
Singer Lorde hails from here New Zealand
42%
Does not have a city whose name begins with a vowel in its top 5 most populous United Kingdom
38%
Where Ribena is a popular drink United Kingdom
25%
Has the highest proportion of citizens born outside the country Australia
21%
Has the highest HDI Australia
17%
Has the highest % of people who report Irish ancestry New Zealand
0%
No matching quizzes found
Score Distribution
Percent of People with Each Score
Percentile by Number Answered
Your Score History
You have not taken this quiz